[Event "Yerevan ol (Men)"]
[Site "Yerevan"]
[Date "1996.??.??"]
[Round "9"]
[White "Annageldiev, Orazly"]
[Black "Lendwai, Reinhard"]
[Result "0-1"]
[WhiteElo "2490"]
[BlackElo "2370"]

1.d4 Nf6 2.Nf3 e6 3.c4 c5 4.d5 exd5 5.cxd5 d6 6.Nc3 g6 7.e4 a6 8.a4 Bg4 9.Be2 Bxf3
10.Bxf3 Bg7 11.O-O O-O 12.Bf4 Ne8 13.Be2 Nd7 14.Bg3 Qe7 15.Re1 Rb8 16.a5 h5
17.h3 Bd4 18.Qc2 Qf6 19.Rf1 Nc7 20.Kh1 b6 21.f4 Qg7 22.e5 dxe5 23.f5 Nf6
24.d6 Ncd5 25.Nd1 gxf5 26.Bh4 f4 27.Bxa6 bxa5 28.Bc4 Rb6 29.d7 Rd6 30.Bxd5 Rxd5
31.Rxa5 Rxd7 32.Ra6 Nd5 33.Qf5 f6 34.Qxh5 e4 35.Re6 e3 36.Nc3 Nxc3 37.bxc3 Be5
38.Rg1 Qh7 39.Rxe5 fxe5 40.Qg4+ Kh8 41.Qe6 Qf5 42.Qc6  0-1

[Event "Yerevan ol (Women)"]
[Site "Yerevan"]
[Date "1996.??.??"]
[Round "12"]
[White "Mira, Helene"]
[Black "Ratcu, Tatiana"]
[Result "0-1"]
[WhiteElo "2185"]
[BlackElo "2190"]

1.d4 Nf6 2.c4 c5 3.d5 e6 4.Nc3 exd5 5.cxd5 d6 6.Nf3 g6 7.Nd2 b6 8.e4 Bg7
9.Bb5+ Bd7 10.Be2 Qe7 11.O-O O-O 12.a4 Bc8 13.Re1 Nbd7 14.h3 a6 15.Qc2 Rb8
16.Rb1 Re8 17.b4 cxb4 18.Rxb4 Nc5 19.f3 Nh5 20.Nf1 Qh4 21.Rd1 Ng3 22.Bd2 a5
23.Rc4 Bxc3 24.Bxc3 Nxe2+ 25.Qxe2 Ba6 26.Ne3 Qe7 27.Ng4 Bxc4 28.Qxc4 Nd7
29.Qd4 f6 30.Rb1 Rec8 31.Bd2 h5 32.Nf2 Nc5 33.Bc3 Nxa4 34.Ba1 Nc5 35.g4 Kf7
36.f4 Rg8 37.g5 Nd7 38.gxf6 Qxf6 39.e5 dxe5 40.fxe5 Qg5+ 41.Kh2 Nc5 42.e6+ Ke8
43.Re1 Rf8 44.Re2 Rb7 45.d6 Qf4+ 46.Qxf4 Rxf4 47.Be5 Rf5 48.Bd4 a4 49.Bxc5 bxc5
50.Ne4 a3 51.e7 h4 52.Nc3 c4 53.Kg2 Rd7 54.Ne4 Rf4 55.Kg1 Rxe4 56.Rxe4 Rxd6
57.Rxc4 a2  0-1

[Event "Zaragoza op"]
[Site "Zaragoza"]
[Date "1996.??.??"]
[Round "2"]
[White "Gallego, Victoriano"]
[Black "Foisor, Ovidiu"]
[Result "1/2-1/2"]
[WhiteElo "2370"]
[BlackElo "2475"]

1.d4 Nf6 2.c4 e6 3.Nf3 c5 4.d5 d6 5.Nc3 exd5 6.cxd5 g6 7.e4 a6 8.a4 Bg4 9.Be2 Bxf3
10.Bxf3 Bg7 11.O-O O-O 12.Bg5 Nbd7 13.Qd2 Re8 14.Rfe1 c4 15.Bd1 b5 16.axb5 axb5
17.Bc2 Qb6 18.Be3 Nc5 19.Rxa8 Rxa8 20.Bd4 Nfd7 21.Bxg7 Kxg7 22.Qd4+ f6 23.Ne2 Ra2
24.Nf4 Nd3 25.Qxb6 Nxb6 26.Bxd3 cxd3 27.Nxd3 Nc4 28.g3 Nxb2 29.Nxb2 Rxb2
30.Rc1 f5 31.exf5 gxf5 32.Rc6 Rd2 33.Rxd6 b4 34.Kg2 b3 35.Rb6 Rxd5 36.Rxb3 Kg6
37.Rb6+ Kg7 38.Kf3 Rd2 39.Ke3 Ra2 40.h4 Ra4 41.Rd6 Rb4 42.f3  1/2-1/2

[Event "Zaragoza op"]
[Site "Zaragoza"]
[Date "1996.??.??"]
[Round "7"]
[White "Nikcevic, Nebojsa"]
[Black "Kolev, Atanas"]
[Result "0-1"]
[WhiteElo "2485"]
[BlackElo "2510"]

1.d4 Nf6 2.c4 e6 3.Nf3 c5 4.d5 d6 5.Nc3 exd5 6.cxd5 g6 7.e4 a6 8.a4 Bg4 9.Be2 Bxf3
10.Bxf3 Nbd7 11.O-O Bg7 12.Bf4 Qc7 13.Re1 O-O 14.a5 Rfe8 15.Na4 Re7 16.Ra3 Rae8
17.Rae3 Ne5 18.Bxe5 Rxe5 19.Nb6 Nd7 20.Nc4 R5e7 21.R3e2 Ne5 22.Nxe5 Bxe5
23.Qa4 Rb8 24.Ra1 Qd8 25.Qc4 Rc7 26.Ra3 b5 27.axb6 Rxb6 28.g3 Ra7 29.Rb3 Rab7
30.Rxb6 Qxb6 31.Bg4 Bxb2 32.Bc8 Ra7 33.Kg2 Bd4 34.Ra2 a5 35.Qa4 Kg7 36.Bd7 Qb1
37.Re2 Rb7 38.Be8 Qd3 39.Qc2 Qa6 40.Qd1 Rb1 41.Qxb1 Qxe2 42.Bb5 Qxf2+ 43.Kh3 h5
44.Qf1 Qxf1+ 45.Bxf1 a4 46.Bg2 a3  0-1

[Event "Zaragoza op"]
[Site "Zaragoza"]
[Date "1996.??.??"]
[Round "8"]
[White "Eslon, Jaan"]
[Black "Knezevic, Bojan"]
[Result "1/2-1/2"]
[WhiteElo "2410"]
[BlackElo "2380"]

1.d4 Nf6 2.Nf3 e6 3.c4 c5 4.d5 d6 5.Nc3 exd5 6.cxd5 g6 7.Bg5 Bg7 8.e4 a6
9.a4 Bg4 10.Be2 Bxf3 11.Bxf3 Nbd7 12.O-O O-O 13.Re1 Re8 14.a5 Qc7 15.Qc2 Re7
16.Be2 Rae8 17.Bf1 h6 18.Bd2 g5 19.f3 Nh7 20.Kh1 Nhf8 21.Ne2 Ng6 22.Ng3 Nh4
23.Bc3 Bxc3 24.Qxc3 Qd8 25.Nh5 Re5 26.g3 Ng6 27.Bh3 Nf6 28.Nxf6+ Qxf6 29.Rf1 Kg7
30.b4 cxb4 31.Qxb4 R5e7 32.Rac1 h5 33.Bf5 h4 34.Qc3 hxg3 35.Qxf6+ Kxf6 36.hxg3 Ne5
37.Rc3 Nd7 38.Bxd7  1/2-1/2

[Event "Zaragoza op"]
[Site "Zaragoza"]
[Date "1996.??.??"]
[Round "9"]
[White "San Segundo, Pablo"]
[Black "Foisor, Ovidiu"]
[Result "1/2-1/2"]
[WhiteElo "2535"]
[BlackElo "2475"]

1.d4 Nf6 2.Nf3 e6 3.c4 c5 4.d5 d6 5.Nc3 exd5 6.cxd5 g6 7.h3 a6 8.a4 Qe7 9.Bf4 Nbd7
10.e3 Bg7 11.Be2 O-O 12.O-O Rb8 13.Re1 h6 14.e4 Nh7 15.Nd2 Ne5 16.Bh2 g5
17.Bf1 Re8 18.Nc4 Nxc4 19.Bxc4 Be5 20.Qd2 Qf6 21.Bxe5 Rxe5 22.Rab1 Nf8 23.b4 Nd7
24.Be2  1/2-1/2

[Event "RUS-Cup4"]
[Site "Perm"]
[Date "1997.02.13"]
[Round "6"]
[White "Kholmogordva, S."]
[Black "Sadvakasov, Darmen"]
[Result "0-1"]
[WhiteElo "2180"]
[BlackElo "2405"]

1.d4 Nf6 2.c4 e6 3.Nc3 c5 4.d5 exd5 5.cxd5 d6 6.Nf3 g6 7.Nd2 Bg7 8.Nc4 O-O
9.Bf4 Na6 10.Qd2 b5 11.Nxd6 b4 12.Nd1 Nh5 13.Nxc8 Rxc8 14.e3 c4 15.Rc1 Nxf4
16.Bxc4 Nxg2+ 17.Kf1 Nh4 18.Bxa6 Rxc1 19.Qxc1 Qxd5 20.Rg1 Qe6 21.Qc4 Qh3+
22.Ke2 Qf3+ 23.Kd2 Rd8+ 24.Kc1 Qf6 25.Bb7 Nf3 26.Bxf3 Qxf3 27.Qxb4 Qe2 28.Qb3 Rc8+
29.Kb1 Qd2 30.a3 Be5 31.Qb5 Qc1+ 32.Ka2 Bxb2 33.Nxb2 Qxg1 34.Qd7 Rf8 35.Qxa7 Qxf2
36.h3 Qh2 37.a4 Qxh3 38.Nc4 Qe6 39.Kb3 Re8 40.Qd4 Qc6 41.Qf4 h5  0-1

[Event "Clarin GP-f"]
[Site "Villa Gesell"]
[Date "1997.03.08"]
[Round "6"]
[White "Garcia Palermo, Carlos"]
[Black "Ginzburg, Maximiliano"]
[Result "1-0"]
[WhiteElo "2480"]
[BlackElo "2450"]

1.d4 Nf6 2.c4 c5 3.d5 e6 4.Nc3 exd5 5.cxd5 d6 6.Nf3 g6 7.Bg5 Bg7 8.Nd2 a6
9.a4 O-O 10.e4 Re8 11.Be2 Nbd7 12.O-O h6 13.Be3 b6 14.h3 Bb7 15.Qc2 Qc7 16.Rac1 Re7
17.b3 Rae8 18.Rfe1 g5 19.Bf1 Nf8 20.g3 Ng6 21.Bg2 Bc8 22.Ne2 Qb8 23.b4 cxb4
24.Nd4 Bd7 25.Nc6 Bxc6 26.dxc6 Rc8 27.Nc4 Rxc6 28.e5 Nxe5 29.Bxc6 Nxc6 30.Nxb6 Ne5
31.Red1 Qf8 32.a5 g4 33.hxg4 Nfxg4 34.Bf4 Nf3+ 35.Kg2 Nd4 36.Rxd4 Bxd4 37.Qf5 Ne5
38.Rc8 Re8 39.Bxh6 Qxh6 40.Rxe8+ Kg7 41.Nd5 Ng6 42.Rb8 Qd2 43.Rb7  1-0

[Event "Drury Lane"]
[Site "London"]
[Date "1997.06.20"]
[Round "5"]
[White "Hoffmann, Michael"]
[Black "Emms, John M"]
[Result "0-1"]
[WhiteElo "2440"]
[BlackElo "2535"]

1.d4 Nf6 2.c4 e6 3.Nf3 c5 4.d5 d6 5.Nc3 exd5 6.cxd5 g6 7.h3 a6 8.a4 Qe7 9.Bg5 Nbd7
10.Nd2 h6 11.Bh4 Bg7 12.e3 g5 13.Bg3 Ne5 14.Qc2 Rb8 15.Be2 Bd7 16.a5 O-O
17.O-O Bb5 18.Bxe5 Qxe5 19.Bxb5 axb5 20.Nxb5 Nxd5 21.Nc4 Nb4 22.Qe2 Qe6 23.Ncxd6 Rfd8
24.Rfd1 Rd7 25.g4 Qb3 26.Ne4 Nd3 27.Nbd6 c4 28.Nd2 Qc2 29.N6xc4 Rbd8 30.Kf1 Nxb2
31.Rac1 Qg6 32.Nxb2 Bxb2 33.Nf3 Bxc1 34.Rxc1 Qe4 35.Rc4 Qd5 36.Kg2 Qxa5 37.Qc2 Qd5
38.Rc5 Qd3 39.Qa4 Qa6 40.Qe4 Qe6 41.Qc2 Re7 42.Kg3 Qd6+ 43.Kg2 Qe6 44.Kg3 Qf6
45.Nd4 Rxd4 46.exd4 Qf4+ 47.Kg2 Qxd4 48.Qf5 b6 49.Rd5 Qe4+ 50.Qxe4 Rxe4 51.Rd8+ Kg7
52.Rb8 Re6 53.Kg3 Kf6 54.Rb7 Rc6 55.Kf3 Ke6 56.Ke4 f6 57.f3 Rc4+ 58.Ke3 Rc3+
59.Ke4 Rc6 60.Ke3 f5  0-1

[Event "Komercni Banka op"]
[Site "Pardubice"]
[Date "1997.07.25"]
[Round "9"]
[White "Bukal, Vladimir Sr"]
[Black "Berelovich, Aleksandar"]
[Result "1/2-1/2"]
[WhiteElo "2420"]
[BlackElo "2515"]

1.d4 Nf6 2.c4 e6 3.Nf3 c5 4.d5 exd5 5.cxd5 d6 6.Nc3 g6 7.Nd2 Bg7 8.e4 O-O
9.Be2 Na6 10.O-O Ne8 11.Nc4 f5 12.exf5 Bxf5 13.Be3 Rb8 14.a4 Nb4 15.Rc1 b6
16.Qd2 Rb7 17.Bg5 Bf6 18.h4 Rbf7 19.Bh6 Bg7 20.Bxg7 Nxg7 21.h5 Qh4 22.Nb5 Be4
23.h6 Ne8 24.f3 Bxd5 25.Ncxd6 Nxd6 26.Nxd6 Rf4 27.Rc4 Rxc4 28.Bxc4 Bxc4 29.Qc3 Qd4+
30.Qxd4 cxd4 31.Nxc4 Re8 32.f4 d3 33.Ne5 Rc8 34.Rd1 Rd8 35.Kf2 g5 36.fxg5 Rd5
37.Nf3 Kf7 38.Ke3 Kg6 39.Kf4 Rf5+ 40.Ke3 Rc5 41.g4 Rc2 42.Kf4 Re2 43.Kg3 Re4
44.b3 a5 45.Rc1 Nc2 46.Rd1 Nd4 47.Rxd3 Nxf3 48.Rxf3 Kxg5 49.Rf5+ Kxh6  1/2-1/2

[Event "Komercni Banka op"]
[Site "Pardubice"]
[Date "1997.07.25"]
[Round "9"]
[White "Burmakin, Vladimir"]
[Black "Stocek, Jiri"]
[Result "1-0"]
[WhiteElo "2550"]
[BlackElo "2470"]

1.d4 Nf6 2.c4 e6 3.Nf3 c5 4.d5 exd5 5.cxd5 d6 6.Nc3 g6 7.e4 Bg7 8.Bb5+ Bd7
9.a4 O-O 10.O-O Bg4 11.Re1 a6 12.Bf1 Re8 13.h3 Bxf3 14.Qxf3 Nbd7 15.Bf4 Ne5
16.Qd1 Rc8 17.Be3 Qa5 18.f4 Ned7 19.Qc2 c4 20.Bf2 Nc5 21.e5 dxe5 22.fxe5 Nfd7
23.e6 fxe6 24.Bxc4 Ne5 25.Bf1 exd5 26.Nxd5 Qd8 27.Red1 Ne6 28.Qb3 Qg5 29.Nb6 Rc6
30.Nc4 Kh8 31.Nd6 Rf8 32.Qxe6 Qf4 33.Ba7 Rc2 34.Qb3 Rxb2 35.Qe3 Qh4 36.Be2 b6
37.Bxb6 Nd7 38.Ba7 Be5 39.Nf7+ Rxf7  1-0

[Event "NRW-Cup Masters op"]
[Site "Muenster"]
[Date "1997.10.13"]
[Round "5"]
[White "Dautov, Rustem"]
[Black "Lau, Ralf"]
[Result "1-0"]
[WhiteElo "2590"]
[BlackElo "2500"]

1.d4 Nf6 2.Nf3 e6 3.c4 c5 4.d5 exd5 5.cxd5 d6 6.Nc3 g6 7.h3 Bg7 8.e4 O-O
9.Bd3 b5 10.Bxb5 Nxe4 11.Nxe4 Qa5+ 12.Nfd2 Qxb5 13.Nxd6 Qa6 14.N2c4 Nd7 15.O-O Nb6
16.Nxb6 Qxb6 17.Nxc8 Raxc8 18.Rb1 Qb7 19.d6 Rfd8 20.Bg5 Rd7 21.Bf4 Bf8 22.Qa4 Bxd6
23.Rfd1 Qc7 24.Bxd6 Rxd6 25.Rxd6 Qxd6 26.Qxa7 Qd3 27.Rf1 Qc2 28.b3 c4 29.bxc4 Qxc4
30.a4 Qd5 31.Qe3 Qa2 32.Qd4 Rc4 33.Ra1 Qb3 34.Qe5 Qc2 35.a5 Re4 36.Qf6 Re6
37.Qd8+ Kg7 38.Qd4+ Kh6 39.a6 Re4 40.Qf6  1-0

[Event "COOP XXIII"]
[Site "Buenos Aires"]
[Date "1997.10.25"]
[Round "7"]
[White "Sorokin, Maxim"]
[Black "Robledo, Nestor Daniel"]
[Result "1-0"]
[WhiteElo "2555"]
[BlackElo "2290"]

1.d4 Nf6 2.c4 c5 3.d5 e6 4.Nc3 exd5 5.cxd5 d6 6.Nf3 g6 7.g3 Bg7 8.Bg2 O-O
9.O-O Re8 10.Bf4 Na6 11.Re1 Bg4 12.Nd2 Nh5 13.Be3 Qd7 14.a4 Bh3 15.Bf3 Bg4
16.Bg2 Bh3 17.Nc4 Bxg2 18.Kxg2 Nc7 19.Qd3 f5 20.Bd2 Rf8 21.f3 Rad8 22.e4 Qf7
23.Bg5 fxe4 24.Nxe4 Nxd5 25.Nexd6 Nb4 26.Qe4 Rxd6 27.Nxd6 Qb3 28.Qe6+ Qxe6
29.Rxe6 Bxb2 30.Rb1 Bd4 31.Nxb7 Ng7 32.Rd6 Nf5 33.Rd8 h6 34.Rxf8+ Kxf8 35.Bd2 Nd5
36.Na5 Nfe3+ 37.Kh3 c4 38.Bxe3 Nxe3 39.Nxc4  1-0

[Event "Hellir op"]
[Site "Reykjavik"]
[Date "1997.10.31"]
[Round "8"]
[White "Gretarsson, Helgi Ass"]
[Black "Bjarnason, Saevar"]
[Result "1-0"]
[WhiteElo "2475"]
[BlackElo "2265"]

1.d4 Nf6 2.c4 e6 3.Nf3 c5 4.d5 exd5 5.cxd5 d6 6.Nc3 g6 7.Bf4 a6 8.e4 Bg7
9.Qa4+ Kf8 10.Be2 Nh5 11.Bg5 Qc7 12.Nd2 h6 13.Be3 Nf6 14.h3 Nbd7 15.O-O Kg8
16.b4 b6 17.bxc5 Nxc5 18.Qb4 Kh7 19.Rab1 Re8 20.Rfc1 Nfd7 21.Nc4 Bxc3 22.Qxc3 Rxe4
23.Bf3 Rxc4 24.Qxc4 Ne5 25.Qf4 Bf5 26.Qxh6+ Kg8 27.Rb4 Nxf3+ 28.gxf3 f6 29.Rh4 Qg7
30.Qxg7+ Kxg7 31.Rb4 g5 32.Rxb6 Nd3 33.Rc7+ Kg6 34.Rxd6 Ne5 35.Kf1 Rh8 36.Bd4 Bxh3+
37.Ke2 Re8 38.Bxe5 Rxe5+ 39.Kd2 Bf1 40.Rcc6 Rf5 41.Ke3 Bb5 42.Rc2 Rf4 43.Re6 Ra4
44.d6 Ra3+ 45.Kd4 Rxf3 46.Rd2 Rf5 47.Re7 Rf4+ 48.Kc3  1-0

[Event "AUT-chT2O 9798"]
[Site "Austria"]
[Date "1997.11.08"]
[Round "2"]
[White "Miniboeck, Guenter"]
[Black "Lau, Ralf"]
[Result "1/2-1/2"]
[WhiteElo "2360"]
[BlackElo "2495"]

1.d4 Nf6 2.c4 e6 3.Nf3 c5 4.d5 exd5 5.cxd5 d6 6.Nc3 g6 7.e4 Bg7 8.h3 O-O
9.Bd3 b5 10.Nxb5 Re8 11.O-O Nxe4 12.Qa4 Bd7 13.Re1 a6 14.Qa3 Qb6 15.Nc3 Nf6
16.Bf4 h6 17.Qb3 Qc7 18.Nd2 Rxe1+ 19.Rxe1 Bf8 20.a4 Bc8 21.Qc2 Kh7 22.Nde4 Nbd7
23.Bc4 Bb7 24.Nxf6+ Nxf6 25.Ne4 Qd8 26.Qb3 Bc8 27.Qf3 Nxe4 28.Rxe4 Ra7 29.Qe2 Bd7
30.b3 Qc8 31.Re3 Kg8 32.Kh1 Ra8 33.Qf3 Qb7 34.h4 Qb6 35.Qe2 Qd8 36.Bg3 Qc8
37.Kg1 h5 38.Bf4 a5 39.Qf3 Qc7 40.Qe2 Bg4 41.Qe1 Bd7 42.Re4 Ra7 43.Qc3 Qb6
44.Kh2 Ra8 45.Qe1 Ra7 46.Kg1 Bg7 47.f3 Bf8 48.Kh1 Ra8 49.Kh2 Ra7 50.Qg3 Ra8
51.Qe1 Ra7 52.Qc1 Kh7 53.Kh1 Ra8 54.Qe1 Ra7 55.Qe2 Kg8 56.Re3 Ra8 57.Kh2 Ra7
58.Kh1 Ra8 59.Re4 Ra7 60.Qf2 Ra8 61.Qg3 Ra7 62.Qe1 Ra8 63.Qe2 Rb8 64.Qe1 Ra8
65.Qg3 Ra7 66.Bg5 Qb8 67.Kh2 Bf5 68.Re2 Bd7 69.Kh1 Ra8  1/2-1/2

[Event "Alicante op"]
[Site "Alicante"]
[Date "1997.??.??"]
[Round "6"]
[White "Del Rey, Diego"]
[Black "Kovacevic, Slobodan"]
[Result "1/2-1/2"]
[WhiteElo "2325"]
[BlackElo "2420"]

1.d4 Nf6 2.c4 e6 3.Nf3 c5 4.d5 exd5 5.cxd5 d6 6.Nc3 g6 7.e4 a6 8.h3 b5 9.Bd3 Bg7
10.O-O O-O 11.Bf4 Qb6 12.Qd2 Re8 13.Rfe1 Nbd7 14.b3 Nh5 15.Be3 Qc7 16.Rac1 Bb7
17.a4 b4 18.Nd1 Rac8 19.Qc2 Ne5 20.Nxe5 Bxe5 21.Nb2 a5 22.Bb5 Bxb2 23.Qxb2 Rxe4
24.Bh6 f5 25.Rxe4 fxe4 26.Re1 Bxd5 27.Rd1 Be6  1/2-1/2

[Event "AUT-chT2W 9697"]
[Site "Austria"]
[Date "1997.??.??"]
[Round "11"]
[White "Krimbacher, Walter"]
[Black "Baerner, Helmut"]
[Result "0-1"]
[WhiteElo "2125"]
[BlackElo "2135"]

1.d4 Nf6 2.Nf3 c5 3.d5 e6 4.c4 exd5 5.cxd5 d6 6.Nc3 Be7 7.e4 O-O 8.Bd3 Bg4
9.h3 Bxf3 10.Qxf3 Nbd7 11.Qe2 Ne5 12.Bc2 Nfd7 13.O-O Qb6 14.Kh2 Ng6 15.Rb1 Bf6
16.Bd2 a6 17.f4 Qc7 18.a4 c4 19.g4 h6 20.Be3 Rab8 21.Qd2 b5 22.axb5 axb5
23.Ne2 b4 24.Bd4 b3 25.Bd1 Rfe8 26.Nc3 Bxd4 27.Qxd4 Qc5 28.Qd2 Nf6 29.Bf3 Nd7
30.Ra1 Ra8 31.Be2 Rxa1  0-1

[Event "Wch Seniors"]
[Site "Bad Wildbad"]
[Date "1997.??.??"]
[Round "3"]
[White "Bachmann, Horst"]
[Black "Hendry, Ian"]
[Result "1-0"]
[WhiteElo "2140"]
[BlackElo "1687"]

1.d4 e6 2.c4 c5 3.d5 exd5 4.cxd5 d6 5.Nc3 Nf6 6.Nf3 Be7 7.e4 O-O 8.Bd3 Bg4
9.O-O Nbd7 10.Be2 Bxf3 11.Bxf3 Ne5 12.Be2 a6 13.a4 Qc8 14.h3 Rb8 15.f4 Ng6
16.Qe1 c4 17.Bf3 b5 18.axb5 axb5 19.e5 dxe5 20.fxe5 Bc5+ 21.Kh1 Re8 22.Qg3 Nxe5
23.Bf4 Bd6 24.Rae1 Qc7 25.Ne4 Nxe4 26.Rxe4 f6 27.Bg4 Nf7 28.Be6 Bxf4 29.Rexf4 Kf8
30.Rxf6 Qxg3 31.Rxf7+ Kg8 32.Rf8+  1-0

[Event "Beersheba 16th"]
[Site "Beersheba"]
[Date "1997.??.??"]
[Round "9"]
[White "Avrukh, Boris"]
[Black "Greenfeld, Alon"]
[Result "1-0"]
[WhiteElo "2520"]
[BlackElo "2520"]

1.d4 Nf6 2.c4 e6 3.Nf3 c5 4.d5 d6 5.Nc3 exd5 6.cxd5 g6 7.h3 Bg7 8.e4 O-O
9.Bd3 b5 10.Nxb5 Re8 11.O-O Nxe4 12.Qa4 a6 13.Bxe4 Bd7 14.Bd3 Qb6 15.Ng5 Bxb5
16.Bxb5 Qxb5 17.Qh4 h6 18.Ne4 g5 19.Qg4 Qd7 20.Qxd7 Nxd7 21.Nxd6 Re5 22.g4 Rxd5
23.Nf5 Re8 24.Kg2 Nb6 25.Rb1 Rd3 26.Be3 Nd5 27.b3 Bd4 28.Rbd1 Bxe3 29.Rxd3 Nf4+
30.Kf3 Nxd3 31.fxe3 Ne5+ 32.Ke2 Kh7 33.Nd6 Re7 34.Rf6 Rc7 35.Nc4 Rc6 36.Rxc6 Nxc6
37.Kf3 Kg6 38.Ke4 Kf6 39.Kd5 Nb4+ 40.Kxc5 Nxa2 41.Kb6 Nb4 42.Ka5 Nd3 43.Nd2 Kg6
44.Kxa6 f5 45.Kb5 fxg4 46.hxg4 Ne5 47.b4 Nxg4 48.Kc6 Kf6 49.Kd6 Nxe3 50.b5 Nf5+
51.Kd7 Nd4 52.b6 Ne6 53.Ne4+  1-0

[Event "BEL-chT9697"]
[Site "BEL"]
[Date "1997.??.??"]
[Round "5"]
[White "Van Heirzeele, Daniel"]
[Black "Plomp, Gordon"]
[Result "1/2-1/2"]
[WhiteElo "2215"]
[BlackElo "2315"]

1.d4 Nf6 2.c4 c5 3.d5 e6 4.Nc3 exd5 5.cxd5 d6 6.Nf3 g6 7.Bf4 a6 8.e4 Bg7
9.Qa4+ Bd7 10.Qb3 Bc8 11.Qa4+ Bd7 12.Qb3 Bc8  1/2-1/2

[Event "Berliner Sommer"]
[Site "Berlin"]
[Date "1997.??.??"]
[Round "1"]
[White "Mikhalevski, Victor"]
[Black "Suess, W."]
[Result "1-0"]
[WhiteElo "2535"]
[BlackElo "2105"]

1.d4 Nf6 2.c4 c5 3.d5 e6 4.Nc3 exd5 5.cxd5 d6 6.Nf3 g6 7.e4 Bg7 8.h3 O-O
9.Bd3 Re8 10.O-O c4 11.Bxc4 Nxe4 12.Nxe4 Rxe4 13.Bg5 Bf6 14.Qc2 Bf5 15.Bd3 Bxg5
16.Bxe4 Bxe4 17.Qxe4 Nd7 18.Nxg5 Qxg5 19.Rfe1 Nf6 20.Qe7 Re8 21.Qxd6 Rxe1+
22.Rxe1 Qd2 23.Qb8+ Kg7 24.Qe5 Qxd5 25.Qxd5 Nxd5 26.Re5 Nb4 27.Rb5 Nxa2 28.Rxb7 a6
29.Rb6 a5 30.Ra6  1-0

[Event "Berliner Sommer"]
[Site "Berlin"]
[Date "1997.??.??"]
[Round "2"]
[White "Handke, Florian"]
[Black "Suba, Mihai"]
[Result "0-1"]
[WhiteElo "2255"]
[BlackElo "2530"]

1.d4 Nf6 2.c4 e6 3.Nf3 c5 4.d5 d6 5.Nc3 exd5 6.cxd5 g6 7.g3 Bg7 8.Bg2 O-O
9.O-O Na6 10.Nd2 Nc7 11.Nc4 Nfe8 12.a4 b6 13.Qc2 f5 14.e3 Qf6 15.Rd1 Bb7
16.Rd3 Kh8 17.Rb1 g5 18.b3 Rd8 19.f4 gxf4 20.exf4 Qf7 21.Bb2 Nf6 22.Ne3 Bc8
23.Rd2 Qg6 24.Re1 Rfe8 25.Rde2 h5 26.Bh3 Ng4 27.Ncd1 Kg8 28.Bxg7 Kxg7 29.Bg2 Kf7
30.Nf2 Ba6 31.Nc4 Qf6 32.Nh3 Rxe2 33.Rxe2 Qa1+ 34.Bf1 Kf6 35.Qd2 Re8 36.Rxe8 Nxe8
37.Ng5 Nc7 38.Qd3 Bxc4 39.bxc4 Qe1 40.Qf3 Ne3 41.Qe2 Qxf1+ 42.Qxf1 Nxf1 43.Kxf1 a6
44.Ke2 b5 45.axb5 axb5 46.cxb5 Nxd5 47.Kd3 Nb6 48.Nf3 Ke6 49.Nh4 d5 50.Kc3 Nc8
51.Kd3 Ne7 52.Nf3 Kd6 53.Ne5 Kc7 54.h3 Kb6 55.g4 fxg4 56.hxg4 hxg4 57.Nxg4 Kxb5
58.Ne5 Nf5 59.Kc3 c4 60.Nf3 Kc5 61.Ne5 d4+ 62.Kc2 Kd5 63.Kd2 Nd6 64.Kc2 Ke4
65.Nc6 d3+ 66.Kd2 Nb5 67.Nb4 c3+ 68.Kd1 Nd4 69.Ke1 Ne2 70.Kd1 Nxf4  0-1

[Event "Berliner Sommer"]
[Site "Berlin"]
[Date "1997.??.??"]
[Round "6"]
[White "Gurieli, Nino"]
[Black "Wedberg, Tom"]
[Result "0-1"]
[WhiteElo "2370"]
[BlackElo "2485"]

1.d4 Nf6 2.Nf3 e6 3.c4 c5 4.d5 d6 5.Nc3 exd5 6.cxd5 g6 7.h3 Bg7 8.e4 O-O
9.Bd3 Re8 10.O-O c4 11.Bc2 b5 12.a3 a6 13.Bf4 Bb7 14.Re1 Qb6 15.Qd2 Nbd7
16.Rad1 Nc5 17.e5 dxe5 18.Bxe5 Ncd7 19.Bf4 Qc5 20.Rxe8+ Rxe8 21.Ng5 Rd8 22.Nge4 Qb6
23.Be3 Qc7 24.d6 Qc8 25.Nxf6+ Nxf6 26.Bg5 Qe6 27.Qf4 Rd7 28.Bxf6 Bxf6 29.Be4 Bxc3
30.Bxb7 Be5 31.Qe4 Rxd6 32.Bd5 Bh2+  0-1

[Event "Biel op MTO"]
[Site "Biel"]
[Date "1997.??.??"]
[Round "9"]
[White "Langeweg, Kick"]
[Black "Haist, Wolfgang"]
[Result "0-1"]
[WhiteElo "2335"]
[BlackElo "2245"]

1.d4 Nf6 2.Nf3 e6 3.c4 c5 4.d5 exd5 5.cxd5 d6 6.Nc3 g6 7.Nd2 Bg7 8.Nc4 O-O
9.g3 Re8 10.Bg2 Bf5 11.Bf4 Nh5 12.Bd2 Qd7 13.a4 Na6 14.O-O Nb4 15.Rc1 Bh3
16.Nxd6 Re7 17.Bxh3 Qxh3 18.Nce4 Nxd5 19.Rxc5 Nhf6 20.Ng5 Qd7 21.Ngxf7 Rxf7
22.Nxf7 Qxf7 23.Qc2 Qe6 24.Qc4 Bf8 25.Rb5 Rc8 26.Qd3 b6 27.Rc1 Bc5 28.Rb3 Ng4
29.e3 Rf8 30.f4 Re8 31.Re1 Ngxe3 32.Bxe3 Nxe3 33.Rc3 Ng4+  0-1

[Event "Bled op18th"]
[Site "Bled"]
[Date "1997.??.??"]
[Round "8"]
[White "Lipinsky, Fabian"]
[Black "Cebalo, Miso"]
[Result "1-0"]
[WhiteElo "2290"]
[BlackElo "2540"]

1.d4 Nf6 2.c4 e6 3.Nf3 c5 4.d5 exd5 5.cxd5 d6 6.Nc3 g6 7.h3 a6 8.a4 Qe7 9.g3 Bg7
10.Bg2 O-O 11.Nd2 Nbd7 12.Nc4 Ne5 13.Nb6 Rb8 14.O-O Nfd7 15.Nxc8 Rfxc8 16.a5 b5
17.axb6 Rxb6 18.Ra4 Nf8 19.f4 Ned7 20.Qd3 Rb4 21.Rxb4 cxb4 22.Na4 Nc5 23.Nxc5 Rxc5
24.e4 Rc8 25.Qb3 Qa7+ 26.Kh2 a5 27.e5 Nd7 28.Be3 Qa6 29.e6 Nf6 30.f5 Qb5
31.Bg5 Ne4 32.Qe3 Nxg5 33.Qxg5 f6 34.Rc1 Rc5 35.Qe3 Kf8 36.Rxc5 dxc5 37.e7+ Ke8
38.Qe6 Qc4 39.d6  1-0

[Event "Bled op18th"]
[Site "Bled"]
[Date "1997.??.??"]
[Round "9"]
[White "Richter, M."]
[Black "Golubovic, Boris"]
[Result "0-1"]
[WhiteElo "2315"]
[BlackElo "2450"]

1.d4 Nf6 2.c4 e6 3.Nf3 c5 4.d5 exd5 5.cxd5 d6 6.Nc3 g6 7.Bf4 a6 8.e4 Bg4
9.Be2 Bxf3 10.Bxf3 Nbd7 11.a4 Qe7 12.O-O Bg7 13.Re1 O-O 14.Qc2 Ne8 15.a5 Nc7
16.Be2 Rab8 17.Bf1 b5 18.Rad1 b4 19.Nb1 b3 20.Qc1 Rb4 21.Nd2 Ne5 22.Re3 Rfb8
23.Bxe5 Bxe5 24.g3 Bd4 25.Re2 Ne8 26.Nf3 Bg7 27.e5 dxe5 28.d6 Nxd6 29.Qxc5 e4
30.Rxd6 Bf8 31.Nd4 Qxd6 32.Qxd6 Bxd6 33.Nc6 R8b7 34.Nxb4 Rxb4 35.Rd2 Bc5
36.Bxa6 e3 37.Rd8+ Kg7 38.fxe3 Bxe3+ 39.Kf1 Bc1 40.Rd7 Bxb2 41.Bd3 Be5 42.a6 b2
43.Rb7 Rxb7 44.axb7 h5 45.Kg2 f5 46.Kf3 Kf6 47.h3 Kg5 48.Bb1 Bb8 49.Bc2 Kf6
50.Bb1 g5 51.h4 g4+ 52.Kf2 Ke5 53.Ke3 Ba7+ 54.Ke2 f4  0-1

[Event "Honved-B"]
[Site "Budapest"]
[Date "1997.??.??"]
[Round "4"]
[White "Horvath, Csaba"]
[Black "Palkovi, Jozsef"]
[Result "1/2-1/2"]
[WhiteElo "2485"]
[BlackElo "2420"]

1.d4 Nf6 2.c4 e6 3.Nf3 c5 4.d5 exd5 5.cxd5 d6 6.Nc3 g6 7.Bf4 a6 8.a4 Bg7
9.h3 O-O 10.e3 Nh5 11.Bg5 Bf6 12.Bxf6 Nxf6 13.Be2 Nbd7 14.Nd2 Rb8 15.O-O Qe7
16.Qc2 Ne8 17.e4 Ng7 18.Rae1 g5 19.Nc4 Ne5 20.a5 Bd7 21.Qd2 Rbe8  1/2-1/2

[Event "Budapest FS03 IM-A"]
[Site "Budapest"]
[Date "1997.??.??"]
[Round "7"]
[White "Belotelov, Dimitri"]
[Black "Hasangatin, Ramil"]
[Result "1-0"]
[WhiteElo "2225"]
[BlackElo "2490"]

1.d4 Nf6 2.c4 c5 3.d5 e6 4.Nc3 exd5 5.cxd5 d6 6.Nf3 g6 7.Bf4 Bg7 8.e3 O-O
9.Be2 Na6 10.O-O Bg4 11.h3 Bxf3 12.Bxf3 Nc7 13.a4 Qd7 14.Qb3 Rfb8 15.Qc4 b5
16.axb5 a6 17.bxa6 Rxb2 18.a7 Rb7 19.Rfb1 Rbxa7 20.Rxa7 Rxa7 21.Rb6 Bf8 22.Kh2 Nfe8
23.Rc6 Be7 24.Bg3 h5 25.Na4 Nf6 26.Nxc5 dxc5 27.d6 Bxd6 28.Rxd6 Qf5 29.Rxf6 Qxf6
30.Qxc5 Ra2 31.Qxc7 Qg7 32.Bd5 Rd2 33.e4  1-0

[Event "Spring op"]
[Site "Budapest"]
[Date "1997.??.??"]
[Round "9"]
[White "Fordan, Tibor"]
[Black "Blechzin, Igor"]
[Result "0-1"]
[WhiteElo "2225"]
[BlackElo "2405"]

1.d4 Nf6 2.c4 c5 3.d5 e6 4.Nc3 exd5 5.cxd5 d6 6.Nf3 g6 7.Bf4 Bg7 8.Qa4+ Bd7
9.Qb3 Qc7 10.e4 O-O 11.Be2 Re8 12.Nd2 a6 13.a4 Bc8 14.O-O Nbd7 15.Nc4 Bf8
16.Bf3 Rb8 17.Rfe1 b6 18.e5 Nxe5 19.Bxe5 dxe5 20.d6 Bxd6 21.Bd5 Bf8 22.a5 b5
23.Nb6 c4 24.Qd1 Bg4 25.Ne4 Bxd1 26.Nxf6+ Kg7 27.Nxe8+ Rxe8 28.Rexd1 Bc5
29.Bf3 Bxb6 30.axb6 Qxb6 31.Rd7 e4 32.Re1 Qc6 33.Bg4 h5 34.Bh3 g5  0-1

[Event "Buenos Aires op"]
[Site "Buenos Aires"]
[Date "1997.??.??"]
[Round "4"]
[White "Labollita, Martin"]
[Black "Tempone, Marcelo"]
[Result "1/2-1/2"]
[WhiteElo "2230"]
[BlackElo "2450"]

1.d4 Nf6 2.c4 e6 3.Nf3 c5 4.d5 d6 5.Nc3 exd5 6.cxd5 g6 7.g3 Bg7 8.Bg2 O-O
9.O-O Re8 10.Nd2 a6 11.a4 Nbd7 12.Nc4 Nb6 13.Na3 Bd7 14.a5 Nc8 15.Nc4 Bb5
16.Qb3 Bxc4 17.Qxc4 Nd7 18.b4 b5 19.axb6 Ncxb6 20.Qb3 cxb4 21.Qxb4 Rb8 22.Bd2 Nc5
23.Rab1 Qc7 24.Rfc1 Nbd7 25.Qh4 Rxb1 26.Rxb1 Rb8 27.Qc4 Ne5 28.Qa2 Rxb1+
29.Nxb1 Qb7 30.Bc3 Ned7 31.Bxg7 Kxg7 32.Nd2 Ne5 33.h3 f6 34.f4 Nf7 35.e3 Qb4
36.Nc4 h5 37.Bf1 Ne4 38.Qxa6 Nxg3 39.Qa2 Qb5 40.Nd2 Qc5 41.Kf2 Nf5 42.Qb3 Qa7
43.Qc3 Ne7 44.Bc4 Ng8 45.Nf3 Qd7 46.Kg2 Qe7 47.Nd4 Nd8 48.Bb3 Qb7 49.Kg3 Ne7
50.Qd3 Qd7 51.Qc2 Qc8 52.Qxc8 Nxc8 53.f5 Ne7 54.Ne6+ Nxe6 55.fxe6 g5 56.e4 f5
57.exf5 Nxf5+ 58.Kf2 Kf6 59.Bc4 Ke5 60.Ba2 Kf4 61.Bb1 Ne7 62.Ba2 Ke5 63.Bb3 Kf6
64.Bc4 Ng6 65.Kg3 h4+ 66.Kh2 Ke5 67.Bb3 Ne7 68.Ba2 Kd4 69.Kg2 Ke3 70.Bb3 Ng6
71.Ba2 Kd4 72.Kf3 Ke5 73.Kg2 Kf4 74.Bb3 Ke5 75.Ba2 Kd4 76.Kf3 Ke5 77.Kg2 Ne7
78.Kf3 Kf6 79.Kg2 Nf5 80.Kh2  1/2-1/2